[Event "17PCR_ZK06"]
[Site "?"]
[Date "2007.??.??"]
[Round "?"]
[White "Benes, Jiri"]
[Black "Vlacil, Vladimir"]
[Result "1-0"]
[WhiteElo "1802"]
[BlackElo "2001"]
[PlyCount "93"]
[EventDate "2007.??.??"]
[EventType "corr"]
[EventRounds "2"]
[SourceDate "2007.06.28"]

1. c4 Nf6 2. d4 g6 3. Nc3 Bg7 4. e4 d6 5. Nf3 O-O 6. Be2 e5 7. dxe5 dxe5 8.
Qxd8 Rxd8 9. Bg5 Re8 10. Nd5 Nxd5 11. cxd5 c6 12. Rd1 cxd5 13. exd5 Nd7 14. Nd2
Nf6 15. Bb5 Bd7 16. Bxf6 Bxb5 17. Ne4 Bd7 18. O-O Bf5 19. f3 Bxe4 20. fxe4 Bxf6
21. Rxf6 Red8 22. Rdf1 Rd7 23. g4 Rc8 24. g5 Rc4 25. Re1 Rd4 26. Re2 Rc7 27.
Kg2 Rcc4 28. Ref2 Rc7 29. Rd6 Kf8 30. Rd8+ Ke7 31. Rh8 Rxe4 32. Rxf7+ Kxf7 33.
Rxh7+ Kf8 34. Rxc7 Re2+ 35. Kf3 Rxb2 36. a4 Rxh2 37. Rxb7 Rh4 38. d6 Rd4 39.
Rxa7 Rxd6 40. Ra8+ Kg7 41. Ke4 Rd1 42. Ra7+ Kg8 43. Kxe5 Rf1 44. a5 Rf5+ 45.
Ke6 Rxg5 46. a6 Rb5 47. Rb7 1-0